| 000 | 00950nam a22002177a 4500 | ||
|---|---|---|---|
| 999 |
_c12302 _d12302 |
||
| 003 | AR-CdUCM | ||
| 008 | 190408b ||||| |||| 00| 0 spa d | ||
| 040 |
_aMUNICIPALIDAD PROVINCIAL DEL CUSCO _cBIBLIOTECA MUNICIPAL DEL CUSCO |
||
| 082 |
_a376.51 / _bU42 / 1949 |
||
| 110 |
_aUniversidad nacional Mayor de San Marcos _930097 |
||
| 245 |
_aLa universidad y la cultura popular : _b(conferencias de extensión cultural) |
||
| 260 |
_aLima : _bDepartamento de extensión cultural, _c1949. |
||
| 300 |
_a235 páginas ; _c20 cm. |
||
| 500 | _aConferencias | ||
| 505 | _aContenido: Las matemáticas en el colegio universitario, Carlos Clavo Rivera -- Grandezas y misterios de la civilización Maya -- Tipos Mayas y sus trajes que exhiben -- Aportaciones de México a los hormonas sexuales... | ||
| 650 |
_aConferencias _9376 |
||
| 650 |
_aSan Marcos _93584 |
||
| 650 |
_aAnglicismo español _930098 |
||
| 942 |
_2ddc _cLIBROS |
||
| 945 |
_adavv _d08/04/2019 |
||